Γενικαί αρχαί δημοσιονομικού δικαίου
Αποθηκεύτηκε σε:
| Κύριος συγγραφέας: | |
|---|---|
| Μορφή: | Βιβλίο |
| Γλώσσα: | Greek |
| Δημοσίευση: |
Αθήναι :
Σάκκουλα, Αφοί,
[1962;]
|
| Θέματα: | |
| Ετικέτες: |
Προσθήκη ετικέτας
Δεν υπάρχουν, Καταχωρήστε ετικέτα πρώτοι!
|
MARC
| LEADER | 00000cam a2200000 i 4500 | ||
|---|---|---|---|
| 001 | 1/42729 | ||
| 008 | 070326q1962 gre d | ||
| 035 | |l 10087419 | ||
| 040 | |a GR-MY-UA |b gre |e aacr | ||
| 041 | 0 | |a gre | |
| 082 | 0 | |a 343.49503 |2 (22) | |
| 100 | 1 | |a Δερτιλής, Παναγιώτης Β. | |
| 245 | 1 | 0 | |a Γενικαί αρχαί δημοσιονομικού δικαίου / |c Παναγιώτου Β. Δερτιλή |
| 260 | |a Αθήναι : |b Σάκκουλα, Αφοί, |c [1962;] | ||
| 300 | |a 226 σ.; |c 24 εκ. | ||
| 500 | |a Τεύχος Β' | ||
| 650 | 0 | 0 | |a Finance, Public |x Law and legislation |z Greece. |
| 650 | 0 | 0 | |a Fiscal policy |z Greece. |
| 852 | |a INST |b CHIOS |e 20070326 |h 343.49503 ΔΕΡ |p 005200029049 |q 005200029049 |t BK |y 0 |z τ.2 | ||
| 852 | |a INST |b CHIOS |e 20070326 |h 343.49503 ΔΕΡ |p 005200029049 |q 005200029049 |t BK |v τ.2: |y 0 |z τ.2 | ||
| 853 | |a INST |b CHIOS |h 343.49503 ΔΕΡ | ||
| 901 | |a BIBL2-2007-1 | ||
| 909 | |a Χ |b 130956 | ||
| 970 | |a ΒΑΣΙΛΑΚΗ |b ΝΙΚΗ |z 2007/03/26 | ||